| 000 | 00896nam a2200253Ia 4500 | ||
|---|---|---|---|
| 003 | OSt | ||
| 005 | 20220927103618.0 | ||
| 006 | a|||||r|||| 00| 0 | ||
| 007 | ta | ||
| 008 | 220926b |||||||| |||| 00| 0 eng d | ||
| 024 | _a70688 | ||
| 037 | _cReference Collections | ||
| 040 |
_aRTL _cRTL _beng |
||
| 041 |
_2eng _aeng |
||
| 082 | _a"X755:(Z,3), H9.59-1/UN" | ||
| 110 |
_aInternational Bank for Reconstructiona and Development and Kingdom of Sweden _9360489 |
||
| 245 | 0 |
_aAdministration letter 1949 _b Tunisia water supply project. |
|
| 260 |
_aNew _bYork International Bank for Reconstruction and Development U _c1969 |
||
| 300 |
_a9p. _ccm. |
||
| 650 |
_aForeign Loan _9360490 |
||
| 700 |
_aInternational Bank for Reconstructiona and Development and Kingdom of Sweden _9360491 |
||
| 942 |
_h"X755:(Z,3), H9.59-1/UN" _cCC |
||
| 999 |
_c684289 _d684289 |
||